000 00507 a2200193 4500
005 20250325104828.0
008 250324b |||||||| |||| 00| 0 eng d
020 _a9789386076069
_cRs. 2960.00
040 _aMAIN
082 _a615.19
_bK144P
100 _aKar, Ashutosh
245 _aPharmaceutical chemistry
260 _bSharma and Bros. Publications
_c2019
_aDelhi
300 _a272
650 _aPharmaceutical Science
650 _aPharmaceutical Chemistry
650 _aPharmacy
942 _cBK
999 _c360888
_d360888